Statistics for Top 15 Golden State Warriors players of all-time

Click here to take the quiz!

General Stats

  • This quiz has been taken 61 times
  • The average score is 9 of 15

Answer Stats

Pos/PlacementAnswer% Correct
PG #2Stephen Curry
100%
C #1Wilt Chamberlain
100%
SG #8Klay Thompson
96%
PF #10Draymond Green
93%
SF #4Kevin Durant
75%
SF #5Chris Mullin
74%
SF #3Rick Barry
74%
SF #15Andre Iguodala
49%
PG #11Tim Hardaway
47%
C #7Nate Thurmond
46%
PG #9Baron Davis
35%
SG #6Paul Arizin
25%
SG #13Jason Richardson
23%
SG #12Sleepy Floyd
14%
C #14Neil Johnston
7%

Score Distribution

Percentile by Number Answered

Percent of People with Each Score

Your Score History

You have not taken this quiz